000 01164nam a2200241Ia 4500
003 Ost
005 20260416102352.0
008 260416s9999||||xx |||||||||||||| ||und||
040 _cfsecg
041 _aara
082 _a338.5
100 _aحداد، بختة
_eمؤلف
245 0 _aمحاضرات في مقياس الإقتصاد الجزئي 1 /
_c بختة حداد
260 _aالجزائر
_bجامعة الجزائر3: كلية العلوم الإقتصادية، العلوم التجارية وعلوم التسيير
_c2017
300 _a129 ورقة
_bايضاحات
_c30 سم
504 _aمراجع ص.128
520 _aبعض المفاهيم الأساسية حول النظرية الاقتصادية، المبادئ الأساسية لمفهوم الطلب العرض توازن السوق، نظرية سلوك المستهلك
653 _aالاقتصاد الجزئي
653 _aالعرض و الطلب
653 _aالمستهلكون
710 _aجامعة الجزائر3: كلية العلوم الإقتصادية، العلوم التجارية وعلوم التسيير
_eناشر علمي
942 _cHANDOUT
999 _c41050
_d41050